000 00696nam a2200229Ia 4500
999 _c4073
_d4073
001 6866670
003 OSt
005 20181128163231.0
008 801027s1969 pau 000 0 eng d
020 _a0883680033
040 _aTMN
_cTMN
_dMAL
082 _a234.12
_bB299H
092 _a234.12
_bB299h
092 _a234.12
_bB29h
100 1 _aBasham, Don,
_d1926-
245 1 2 _aA handbook on Holy Spirit baptism :
_b37 questions and answers on the baptism in the Holy Spirit and speaking in tongues /
_cby Don Basham.
260 _aSpringdale, Pa. :
_bWhitaker House,
_cc1969.
300 _a153 p. ;
_c18 cm.
650 0 _aBaptism in the Holy Spirit.
650 0 _aGlossolalia.
942 _2ddc
_cBK